Pensamiento polÍtico del general Francisco Morazán (Registro nro. 18665)

Detalles MARC
000 -CABECERA
Longitud fija campo de control 00681cam a2200229 a 4500
001 - NÚMERO DE CONTROL
Número de control 4305501
003 - IDENTIFICADOR DELl NÚMERO DE CONTROL
Identificador del número de control OSt
005 - FECHA Y HORA DE LA ÚLTIMA TRANSACCIÓN
Fecha y hora de la última transacción 20150218090142.0
008 - CÓDIGOS DE INFORMACIÓN DE LONGITUD FIJA
Códigos de información de longitud fija 860721s1985 ho b f000 0 spa
010 ## - NÚMERO DE CONTROL DE LA BIBLIOTECA DEL CONGRESO
Número de control de LC 86185623
040 ## - FUENTE DE LA CATALOGACIÓN
Centro transcriptor BMC
082 ## - NÚMERO DE LA CLASIFICACIÓN DECIMAL DEWEY
Númeroo de clasificación 972.84092
100 1# - PUNTO DE ACCESO PRINCIPAL-NOMBRE DE PERSONA
Nombre de persona Morazán, Francisco
Fechas asociadas al nombre 1792-1842
9 (RLIN) 22703
245 10 - MENCIÓN DE TÍTULO
Título Pensamiento polÍtico del general Francisco Morazán
Mención de responsabilidad, etc. Rafael Bardales B.
250 ## - MENCIÓN DE EDICIÓN
Mención de edición 1ª ed
260 ## - PUBLICACIÓN, DISTRIBUCIÓN, ETC. (PIE DE IMPRENTA)
Lugar de publicación, distribución, etc. Tegucigalpa, D.C., Honduras
Nombre del editor, distribuidor, etc. Universitaria
Fecha de publicación, distribución, etc. 1985
300 ## - DESCRIPCIÓN FÍSICA
Extensión 222 p.
Dimensiones 20 cm
490 ## - MENCIÓN DE SERIE
Mención de serie Letras hondureñas
Designación de volumen o secuencia 23
600 14 - PUNTO DE ACCESO ADICIONAL DE MATERIA - NOMBRE DE PERSONA
9 (RLIN) 22703
Nombre de persona Morazán, Francisco
Fechas asociadas al nombre 1792-1842
700 1# - PUNTO DE ACCESO ADICIONAL - NOMBRE DE PERSONA
Nombre de persona Bardales B., Rafael
9 (RLIN) 31793
942 ## - ENTRADA DE ELEMENTOS AGREGADOS (KOHA)
Fuente de clasificaión o esquema Dewey Decimal Classification
Koha [por defecto] tipo de item 1- Monografias
Parte de clasificación ahoj
Existencias
Suprimido Perdido Fuente de clasificación o esquema Estropeado Restricciones de uso No para préstamo Código de colección Localización permanente Localización actual Localización en estanter&íacute;as Fecha adquisición Fuente de adquisición Número de inventario Préstamos totales Signatura completa Código de barras Fecha última consulta Fecha del precio de reemplazo Tipo de item de Koha
NULL NULL Dewey Decimal Classification NULL Prestable NULL NULL Biblioteca Miguel de Cervantes - UNICAES Biblioteca Miguel de Cervantes - UNICAES Sala Principal 20/02/2015 Donación - Jorge Giammattei 028361   972.84 MOR pen 1028771 19/08/2015 20/02/2015 1- Monografias